Loading...
KATHAKALI IN THE GLOBALISED WORLD-A READING IN ARUNDHATI ROY AND N. S. MADHAVAN
| Main Author: | |
|---|---|
| Format: | Printed Book |
| Subjects: | |
| Online Access: | http://10.26.1.76/ks/005052.pdf |
| LEADER | 00532nam a22001217a 4500 | ||
|---|---|---|---|
| 999 | |c 75421 |d 75421 | ||
| 100 | |a C.Rajendran |9 22638 | ||
| 245 | |a KATHAKALI IN THE GLOBALISED WORLD-A READING IN ARUNDHATI ROY AND N. S. MADHAVAN | ||
| 500 | |a Paper presented at the International Seminar on Comparative Literature at Mahatma Gandhi University, Kottayam ,on 1.2.06. | ||
| 650 | |a GOD OF SMALL THINGS; |a CARMEN |9 43985 | ||
| 856 | |u http://10.26.1.76/ks/005052.pdf | ||
| 942 | |c KS | ||
| 952 | |0 0 |1 0 |4 0 |7 0 |9 67406 |a MGUL |b MGUL |d 2015-11-19 |l 0 |r 2015-11-19 |w 2015-11-19 |y KS | ||